| 000 | 00528nam a2200157Ia 4500 | ||
|---|---|---|---|
| 008 | 210716s2009 xx 000 0 und d | ||
| 020 | _a9788131516607 | ||
| 041 | _aeng | ||
| 082 | _a658.4092 BETE | ||
| 100 | _aBetof, Edward. | ||
| 245 |
_aLeaders as teachers: unlock the teaching potential of your companys best and brightest. _bUnlock the teaching potential of your companys best and brightest. |
||
| 250 | _a1 | ||
| 260 |
_aNew Delhi _bCengage Learning India Pvt Ltd _c2009 |
||
| 300 | _axviii,210 | ||
| 650 | _aLeadership | ||
| 999 |
_c193699 _d193699 |
||